000 00637nam a2200229 u 4500
001 000057038
005 20200120223422.0
008 130625s2003 ck jr 000 0 spa d
020 _a9580471576
041 0 _a//spa
090 _aJC
_bBOJab
100 1 _aBojunga Nunes, Lygia.
245 1 0 _aEl abrazo /
_cLygia Bojunga ; traducción de Irene Vasco.
250 _a1a. ed.
260 _aBogotá :
_bGrupo Editorial Norma,
_c2003.
300 _a54 p.
490 0 _aZona libre
650 1 4 _aCuentos juveniles brasileños
650 2 4 _aViolación en la literatura
650 2 4 _aDrama en la literatura
700 1 _aVasco, Irene,
_etr.
999 _c6335
_d6335